01404cam a2200241 a 450000100100000000500170001000800410002701000130006804000250008110000430010624502460014926000840039530000430047960000340052260000500055660000480060670000600065471000320071471000630074695201690080995201690097899900150114700000761520200929154232.0810918m19031904nyuabce 001 0beng  a03011846 aDO-SdBNPbspacBNPHU1 aThacher, John Boyd,d1847-1909.92112710aChristopher Columbus: his life, his work, his remains as revealed by original printed and manuscript records, together with an essay on Peter Martyr of Anghera and Bartolome de las Casas, the first historians of America /cJohn Boyd Thacher. aNew York :bG.P. Putnam's Sons:aLondon :bThe Knickerbocker Press,c1903-1904. a3 v. :bil., mapas, facsims. ;c30 cm.10aColumbus, Christopher.91477010aAnghiera, Pietro Martire d',d1457-1526.954310aCasas, Bartolome de las,d1474-1566.9211281 aMorison, Samuel Eliot,d1887-1976,eformer owner.948892 aKnickerbocker Press.9211292 aJay I. Kislak Collection (Library of Congress)5DLC921130 001050728MOaGRbGRcBDd2009-09-09iLF1l0ov. 2p7615-10r2020-06-25w2020-06-25y1zPerteneció a la biblioteca personal de Julio Ortega Frier.ZNo se presta 001050728MOaGRbGRcBDd2011-05-27iLF1l0ov. 3p7615-20r2020-06-25w2020-06-25y1zPerteneció a la biblioteca personal de Julio Ortega Frier.ZNo se presta c7395d7395